1781 1743 1491 1734 1252 1485 1594 1295 1619 1633 1929 1922 1960 1137 1244 1712 1873 1210 1679 1588 1318 1851 1855 1388 1988 1937 1761 1653 1750 1881 1235 1018 1047 1472 1172 1658 1132 1403 1654 1461 1812 1557 1256 1292 2000 2000 1766 1343 1246 1540 1875 1909 1705 1995 1103 2000 1853 1488 1767 1115 1953 1000 1133 1532 1159 1798 1269 1041 1018 1332 1491 1037 1890 1453 1305 1421 1684 1977 1766 1195 1580 1959 1700 1823 1034 1841 1488 1870 1403 1033 1891 1966 1877 1390 1450 1566 1580 1879 1524 BCNSPRNW ULIB Ver.6.0+V

เปลี่ยนเป็นภาษาไทย

Change to English
 แสดงรายละเอียดบรรณานุกรม
  กลับหน้าหลัก

Brief Record : Get Marc (ISO 2709) : E-mail record : QR code < ปิดหน้าต่าง
LEADER : 00000nam 2200000uu 4500
001    13399123290
003     ULIB
008    140814s2550||||th 000 0 tha d
020    9789747498836
099    วจ.WG169^bย155ก
100 0  ยศพล เหลืองโสมานภา, นารีรัตน์ สกุลสิทธิ์ และลลิตา เดชาวุธ
245 00 การเเปลี่ยนแปลงคุณภาพชีวิตผู้ป่วยที่ได้รับการผ่าตัดหัวใจแบบเปิด/^cยศพล เหลืองโสมานภา, นารีรัตน์ สกุลสิทธิ์ และลลิตา เดชาวุธ
246 0  Chang in quality of life in patients with open heart surgery
260    จันทบุรี:^bวิทยาลัยพยาบาลพระปกเกล้า จันทบุรี,^c2550
300    76 หน้า
650  0 ผู้ป่วยผ่าตัดหัวใจแบบเปิด^xวิจัย
945    ^p0^l0^i034597
999    ^aเกษร โพธิ์สุวรรณ
รายการนี้ยังไม่มีแท็ก
คุณยังไม่ได้ล็อกอิน คุณสามารถมีกิจกรรมร่วมกับเว็บไซต์ได้ แต่ต้องล็อกอินก่อน ::
  ล็อกอิน

รายการสื่อสารสนเทศ

ลำดับที่ ประเภท เลขเรียก/บาร์โค้ด สถานที่ สถานะ
1. งานวิจัย
งานวิจัย
วจ.WG169 ย155ก ฉ.1 
  Barcode: 034597
ห้องสมุดวิทยาเขตสวรรค์ประชารักษ์
►วิจัย
บนชั้น

BibComment


ยังไม่เคยถูกคอมเมนท์

คอมเมนท์ทรัพยากรรายการนี้
  คอมเมนท์: การเเปลี่ยนแปลงคุ..


 Copyright 2026. Bcnsprnw @Library